00478nam a2200181Ia 450000500170000000800410001702000220005804100080008008200150008810000150010324500390011825000120015726000350016930000210020450000280022565000280025370000150028120251122100108.0230125s9999 xx 000 0 und d a978-1-84604-636-0 aeng a158.1bFRA aFrankl V E aYes To Life In Spite of Everything a1st Ed. c2019bPenguin Random HouseaUK bHard Bounda141p aPersonality Development aPersonality Development aFrankl V E